Marki Autobusów - Statystyki

Ogólne statystyki
  • Ten quiz został rozwiązany 124 razy
  • Średni wynik to 10 z 15
Statystyki odpowiedzi
Obrazkowy Odpowiedź % Poprawnych
Mercedes
100%
MAN
97%
Solaris
96%
Volvo
95%
Iveco
94%
Autosan
74%
Scania
67%
Yutong
58%
Solbus
56%
SOR
49%
MAZ
46%
Isuzu
41%
Guleryuz
36%
BMC
34%
Akia
25%
Nie znaleziono quizów pasujących do podanych kryteriów
Rozkład punktacji
Procent ludzi z każdym wynikiem
Percentyl według liczby udzielonych odpowiedzi
Twoja historia wyników
Nie rozwiązałeś tego quizu